| 000 | 01551nam a2200265Ia 4500 | ||
|---|---|---|---|
| 999 |
_c34887 _d34887 |
||
| 001 | 708 | ||
| 003 | GE_BSU | ||
| 005 | 20200131112928.0 | ||
| 008 | 181216s2009||||ge |||||||||||||| ||geo|| | ||
| 020 | _a97899410141196 | ||
| 040 | _cGE_BSU | ||
| 041 | _ageo | ||
| 080 | _a632.6/7 (075.8)+632.9(075.8) ლ-76 | ||
| 100 |
_aლობჟანიძე, მზაღო _96589 |
||
| 245 |
_aსასოფლო სამეურნეო კულტურების ძირითადი მავნებლები და მათთან ბრძოლის ღონისძიებები : _bსახელმძღვ. აგრონ. სპეც. სტუდ. ნაწ.1 / _c მზაღო ლობჟანიძე, ზაირა ტყებუჩავა. |
||
| 264 |
_aთბილისი : _bსაქ. აგრარული უნივერსიტეტი, _c2009. |
||
| 300 |
_a100 გვ.; _b19 სმ. |
||
| 504 | _aბიბლიოგრ.: გვ. 97. | ||
| 541 | _h20 ლ. | ||
| 653 | _a სასოფლო-სამეურნეო კულტურების მავნებლები | ||
| 653 | _aსასოფლო-სამეურნეო კულტურების მავნებლებთან ბრძოლა | ||
| 700 |
_aტყებუჩავა, ზაირა _eავტორი _96590 |
||
| 856 |
_uhttp://dspace.nplg.gov.ge/bitstream/1234/6600/1/Sasoflo_sameurneo_Kultura.pdf _yელ. ვერსია, pdf |
||
| 942 |
_cBK _2udc |
||